| 000 | 00648nam a2200217Ia 4500 | ||
|---|---|---|---|
| 005 | 20260629163254.0 | ||
| 008 | 260629s9999||||xx |||||||||||||| ||und|| | ||
| 020 |
_a9781557866752 _qpbk |
||
| 082 |
_a304.23 _bSOJ |
||
| 100 | _aSoja, Edward W. | ||
| 245 | 0 | _aThirdspace : journeys to Los Angeles and other real-and-imagined places | |
| 260 |
_aOxford _bBlackwell Publishers _c1996 |
||
| 300 | _axii, 334p. ; 25cm. | ||
| 653 | _aGeograpgical perception | ||
| 653 | _aLos Angeles (Calif.)—Social conditions | ||
| 653 | _aPostmodernism | ||
| 653 | _aSpace and time | ||
| 653 | _aSpace peception | ||
| 653 | _aUrban sociology | ||
| 942 | _cBK | ||
| 999 |
_c57299 _d57299 |
||